000 00480cam1a220018100 4500
001 tmp15946869
003 UPRA
005 20190830104612.0
008 951114s1968 ja eng u
020 _a4805302011
035 _a(Sirsi) r25912
050 _aPT 812.A8T8 SOS 1968
100 1 _aNatusme, Soseki, 1867-1916.
245 1 4 _aThe three-cornered world/
_cby Natsume Soseki
260 _aTokyo :
_bCharles E. Tuttle,
_c1968.
300 _a184p.
650 _aliterature
999 _c186152
_d186152